000 00388nam a22001457a 4500
020 _a9780070053663
040 _cNust
082 _a620.1054
_bBEE
100 _aBeer
_936231
245 _aVector Mechanics for Engineers: Dynamics
250 _a6th Edition
260 _aNew York:
_bMcGraw-Hill,
_c1997.
650 _aVector Mechanics for Engineers: Dynamics
_9128011
942 _2ddc
_cBK
999 _c613017
_d613017